| 000 | 01107cam a22003257a 4500 | ||
|---|---|---|---|
| 003 | CHAP | ||
| 005 | 20220329132910.0 | ||
| 008 | 971010s1989 r 00010 d | ||
| 010 | _a62 | ||
| 011 | _a1034 | ||
| 035 | _a209 | ||
| 040 | _cCHAP | ||
| 090 | _aFolleto 12310 (1988) | ||
| 100 | 0 | 0 |
_aSomarriba Aubert, Alfredo. _9108533 |
| 245 | 1 | 3 |
_aEl algodón en el Valle de Juárez _b: muestreo integral 1988 |
| 260 |
_aCd. Juárez, Chih. : _bEscuela Superior de Agricultura Hermanos Escobar. Colegio de Graduados. Programa de Entomología, _c[1989] |
||
| 300 | _a15 h. | ||
| 490 | 0 |
_aAvances de investigación _v; 2 |
|
| 590 |
_aBATCH-UPD _b10 _c20130110 _lUCH01 _h1624 |
||
| 590 |
_aBATCH-UPD _b10 _c20130410 _lUCH01 _h1018 |
||
| 590 |
_aBATCH-UPD _b10 _c20130914 _lUCH01 _h0107 |
||
| 590 |
_aCONVERSION _b10 _c20130109 _lUCH01 _h1302 |
||
| 650 | 1 | 4 |
_aAlgodon _xCrecimiento. _93993 |
| 650 | 1 | 4 |
_aAlgodón _xPlagas. _94046 |
| 650 | 1 | 4 |
_aAlgodón _zChihuahua. _94074 |
| 830 | 0 |
_aAvances de investigación _v; 2 _98476 |
|
| 901 | _aBK | ||
| 942 | _cFOLL | ||
| 949 |
_aFolleto 12310 (1988) _bBC _cFOLL _d-9648 _eTS1 _i209 _si |
||
| 999 |
_c62 _d62 |
||